Legends of the baggy green : dubious behaviour and achievements from cricket's chequered history
| Main Author: | |
|---|---|
| Format: | Book |
| Published: |
Australia :
Allen & Unwin ,
2004
|
| Subjects: |
MARC
| LEADER | 00000cam a2200000 7i4500 | ||
|---|---|---|---|
| 001 | 0000013273 | ||
| 005 | 20080410.0 | ||
| 008 | 080410 | ||
| 020 | |a 1741752019 | ||
| 090 | 0 | 0 | |a 796.358 |b BUZ |
| 100 | 0 | |a Buzo, Alexander | |
| 245 | 1 | 0 | |a Legends of the baggy green : |b dubious behaviour and achievements from cricket's chequered history |c Alexander Buzo |
| 260 | |a Australia : |b Allen & Unwin , |c 2004 | ||
| 650 | 0 | |a Crickets |x Corrupt practices | |
| 650 | 0 | |a Crickets |z Australia | |
| 999 | |a 0001018402 |b Book |c REFERENCE |e Perbadanan Perpustakaan Awam Johor | ||